logo

Bir Sreshtho Munshi Abdur Rouf Library
Jhenaidah Cadet College

মহাত্মা গান্ধী / (Record no. 9185)

MARC details
000 -LEADER
fixed length control field 00718nam a22002417a 4500
001 - CONTROL NUMBER
JCCL Control Number 9185
003 - CONTROL NUMBER IDENTIFIER
JCCL marc code BD-JhCC
005 - DATE AND TIME OF LATEST TRANSACTION
control field 20221102102454.0
008 - FIXED-LENGTH DATA ELEMENTS--GENERAL INFORMATION
fixed length control field 180310b2011 bg ||||| |||| 00| 0 ben d
020 ## - INTERNATIONAL STANDARD BOOK NUMBER
International Standard Book Number 9847012002070
035 ## - SYSTEM CONTROL NUMBER
system control number (BD-JhCC)9185
040 ## - CATALOGING SOURCE
Original cataloging agency BD-JhCC
Modifying agency BD-JhCC
041 ## - LANGUAGE CODE
Language code of Book ben
082 ## - DEWEY DECIMAL CLASSIFICATION NUMBER
Classification number 928
Author mark and Year ASH 2011
100 ## - MAIN ENTRY--PERSONAL NAME
Personal name আশরাফ, কাজী মহম্মদ
245 ## - TITLE STATEMENT
Title মহাত্মা গান্ধী /
Statement of responsibility, etc কাজী মহম্মদ আশরাফ
300 ## - PHYSICAL DESCRIPTION
Pagination 64 p. :
Dimensions 22 cm.
490 ## - SERIES STATEMENT
Series statement জীবনী গ্রন্থমালা
600 ## - SUBJECT ADDED ENTRY--PERSONAL NAME
Personal name Mohatma, Gandhi
Dates associated with a name ১৮৬৯-১৯৪৮
650 ## - SUBJECT ADDED ENTRY--TOPICAL TERM
Topical term or geographic name as entry element Biography
942 ## - ADDED ENTRY ELEMENTS (KOHA)
Source of classification or shelving scheme Dewey Decimal Classification
Koha item type Books
Holdings
Source of classification or shelving scheme Damaged status Not for loan Home library Current library Shelving location Date of accession Cost, normal purchase price Total Checkouts Full call number Barcode Date last seen Copy number Koha item type
Dewey Decimal Classification     JCC Rouf Library JCC Rouf Library General Stacks 03/10/2018 70.00   928 ASH 2011 12310 03/10/2018 C-1 Books
Dewey Decimal Classification     JCC Rouf Library JCC Rouf Library General Stacks 11/02/2022 72.00   928 ASH 2021 17507 11/02/2022 C-2 Books

JCC Library | Contacts | JCC Home

Last Update on 23 September 2017
Copyright @ 2017-2020 JCC Rouf Library
Rouf Library, Jhenidah Cadet College (JCC), Bangladesh